000
00205 a2200097 4500
001
6006
100
_a
Weiss, E A
245
_a
Programming the IBM 1620
260
_a
_b
McGraw-Hill
_c
090
_c
4910
_d
4910
942
_a
NUST-CAE
_c
M
_c
31279
999
_c
241079
_d
241079